Dove giocava nel 2010-2011? - Quiz n°36 - Statistics

Statistiche generali
  • Questo quiz è stato fatto 25 volte
  • Il punteggio medio è 6 su 10
Statistiche sulle risposte
Hint Risposta % Corretto
Lucas Vázquez Real Madrid C
89%
Alessandro Matri Cagliari
79%
Luis Suárez Ajax
68%
Filipe Luís Atlético Madrid
63%
Serge Aurier Lens
63%
Leonardo Pavoletti Juve Stabia
58%
José Luis Palomino San Lorenzo
58%
Alex Oxlade-Chamberlain Southampton
58%
Shkodran Mustafi Everton
37%
Víctor Ibarbo Atlético Nacional
16%
Nessun quiz corrispondente trovato
Distribuzione punteggi
Percentuale di utenti per punteggio
Percentile per numero di risposta
I tuoi punteggi nel tempo
Non hai fatto questo quiz